[Event "Druzynowe Mistrzostwa Polski Juniorow 2019 - II Liga"]
[Site "Szczyrk"]
[Date "1899-12-30"]
[Round "9.47"]
[White "Skiba, Aleksandra"]
[Black "Wasala, Wiktoria"]
[Result "1-0"]
[WhiteTitle "I++"]
[BlackTitle "I"]
[WhiteElo "1795"]
[BlackElo "1515"]

1. e4 Nf6 2. e5 Nd5 3. d4 d6 4. Nf3 Bg4 5. Be2 Nc6 6. c4 Nb6 7. exd6 exd6 8. Nbd2
g6 9. d5 Ne7 10. Ne4 Bg7 11. Bg5 h6 12. Bf6 O-O 13. Bxg7 Kxg7 14. Qd4+ f6 15.
O-O Nf5 16. Qd3 Nd7 17. Nd4 Nxd4 18. Bxg4 Ne5 19. Qxd4 Nxg4 20. Nxd6 Qxd6 21.
Qxg4 Rae8 22. Rfe1 Rxe1+ 23. Rxe1 Qb4 24. Qe2 Rf7 25. h3 Qc5 26. b3 Qd4 27. Qe3
Qb2 28. Qxa7 Qd2 29. Re8 Qc1+ 30. Kh2 b6 31. Re3 Qb2 32. Rf3 Qe5+ 33. g3 Qe4 34.
Re3 Qf5 35. Kg2 h5 36. Qa8 Rf8 37. Qc6 Rf7 38. Qe6 Qb1 39. a4 g5 40. d6 cxd6 41.
Qxd6 Kg6 42. Qxb6 Rd7 43. Qe6 Rd4 44. Rf3 1-0

[Event "Druzynowe Mistrzostwa Polski Juniorow 2019 - II Liga"]
[Site "Szczyrk"]
[Date "1899-12-30"]
[Round "9.49"]
[White "Radecki, Adam"]
[Black "Trybus, Daniel"]
[Result "1/2-1/2"]
[WhiteTitle "I"]
[BlackTitle "I++"]
[WhiteElo "1803"]
[BlackElo "1957"]

1. Nf3 Nf6 2. g3 g6 3. Bg2 Bg7 4. O-O O-O 5. d4 d6 6. c4 Nc6 7. Nc3 e5 8. d5 Nb8
9. e4 a5 10. h3 Nfd7 11. Rb1 Nc5 12. Be3 Nba6 13. a3 a4 14. Ne1 Bd7 15. Nd3 b6
16. Nxc5 Nxc5 17. Bxc5 bxc5 18. Qe2 Rb8 19. Kh2 f5 20. Rfe1 f4 21. Bf3 Rb3 22.
g4 Qh4 23. Qf1 h5 24. Qg2 Rfb8 25. gxh5 g5 26. Rg1 Rxb2 27. Rbf1 R8b3 28. Nd1
Rxf3 29. Qxf3 Rb3 30. Ne3 fxe3 31. fxe3 Rb2+ 32. Rg2 Rxg2+ 33. Kxg2 Be8 34. Qg4
Qxh5 35. Qe6+ Kh7 36. Qg4 Kh6 37. Rh1 Bf6 38. Rf1 Kg7 39. Qe6 1/2-1/2

[Event "Druzynowe Mistrzostwa Polski Juniorow 2019 - II Liga"]
[Site "Szczyrk"]
[Date "1899-12-30"]
[Round "9.50"]
[White "Sloniewski, Michal"]
[Black "Distel, Pawel"]
[Result "1/2-1/2"]
[WhiteTitle "I"]
[BlackTitle "I"]
[WhiteElo "1744"]
[BlackElo "1675"]

1. e4 d6 2. d4 Nf6 3. Nc3 g6 4. f4 Bg7 5. e5 dxe5 6. fxe5 Nd5 7. Bc4 c6 8. Nf3
h6 9. O-O Be6 10. Qe1 Nd7 11. Nxd5 cxd5 12. Bd3 Qb6 13. c3 Bf5 14. Bxf5 gxf5 15.
Be3 e6 16. Qe2 Qc6 17. Rac1 Qc4 18. Qc2 Qxa2 19. Ra1 Qc4 20. b3 Qc6 21. c4 Nb6
22. c5 Nd7 23. b4 a6 24. Qd3 Rc8 25. Rfb1 O-O 26. b5 axb5 27. Qxb5 Ra8 28. Rxa8
Rxa8 29. Qxb7 Rc8 30. Qxc6 Rxc6 31. Rb7 Nf8 32. Ne1 f6 33. Nd3 Ng6 34. Rb6 Rc8
35. exf6 Bxf6 36. Rxe6 Kf7 37. Rd6 f4 38. Nxf4 Nxf4 39. Rxf6+ Kxf6 40. Bxf4 h5
41. c6 Rxc6 42. Kf2 Kf5 43. Kf3 Rc3+ 44. Be3 Ra3 45. g3 Ra1 46. h3 Rf1+ 47. Bf2
1/2-1/2

[Event "Druzynowe Mistrzostwa Polski Juniorow 2019 - II Liga"]
[Site "Szczyrk"]
[Date "1899-12-30"]
[Round "9.51"]
[White "Kubik, Rafal"]
[Black "Pazdzierz, Piotr"]
[Result "1/2-1/2"]
[WhiteTitle "II+"]
[BlackTitle "I"]
[WhiteElo "1473"]
[BlackElo "1722"]

1. d4 Nf6 2. Nf3 g6 3. Bf4 Bg7 4. e3 O-O 5. Bd3 d6 6. Nbd2 Nbd7 7. O-O Re8 8. e4
e5 9. dxe5 dxe5 10. Be3 Ng4 11. Bg5 Bf6 12. Bxf6 Ngxf6 13. Nb3 Nh5 14. g3 Nb6
15. Re1 Qe7 16. c3 Bg4 17. Be2 Rad8 18. Qc2 Bh3 19. Bf1 Bc8 20. Rad1 Nf6 21. Bg2
Nc4 22. Nh4 Nh5 23. Bf3 Ng7 24. Ng2 Nd6 25. Ne3 c6 26. Be2 Rf8 27. Nc4 Nge8 28.
Nbd2 f5 29. Nxd6 Nxd6 30. exf5 gxf5 31. Nc4 Kh8 32. Nxd6 Rxd6 33. Rxd6 Qxd6 34.
Qd1 Qf6 35. Bc4 f4 36. Qf3 Qg7 37. Qe4 1/2-1/2

[Event "Druzynowe Mistrzostwa Polski Juniorow 2019 - II Liga"]
[Site "Szczyrk"]
[Date "1899-12-30"]
[Round "9.52"]
[White "Mocko, Maciej"]
[Black "Karwot, Marek"]
[Result "1-0"]
[WhiteTitle "II"]
[BlackTitle "II"]
[WhiteElo "1385"]
[BlackElo "1107"]

1. e4 c5 2. c3 g6 3. d4 cxd4 4. cxd4 d5 5. exd5 Nf6 6. Bb5+ Nbd7 7. Nc3 Bg7 8.
d6 O-O 9. dxe7 Qxe7+ 10. Qe2 Qd6 11. Nf3 Re8 12. Be3 a6 13. Bd3 b5 14. O-O Bb7
15. Nd2 Nb6 16. Rfe1 h5 17. f3 Nfd5 18. Nxd5 Nxd5 19. Ne4 Qd7 20. Nc5 Qc7 21.
Qf2 Rxe3 22. Rxe3 Bxd4 23. Re8+ Rxe8 24. Qxd4 Nb6 25. Rc1 Qe7 26. Nxb7 Qxb7 27.
Be4 Qb8 28. Rc6 Re6 29. Rxe6 fxe6 30. Qf6 Qd6 31. Qxg6+ Kf8 32. Qf6+ Ke8 33. Qc3
Kd7 34. Qd3 Nd5 35. Qd4 b4 36. Qa7+ Nc7 37. Qe3 h4 38. Qd3 Nd5 39. Bxd5 exd5 40.
Qh7+ Kc6 41. Qxh4 d4 42. Qe4+ Kc7 43. Qd3 Qe5 44. Kf2 a5 45. h4 Qf4 46. h5 Qh4+
47. Ke2 Qe7+ 48. Qe4 Qc5 49. h6 Qf8 50. h7 Qh8 51. f4 a4 52. Qe5+ 1-0

[Event "Druzynowe Mistrzostwa Polski Juniorow 2019 - II Liga"]
[Site "Szczyrk"]
[Date "1899-12-30"]
[Round "9.53"]
[White "Robakowska, Paulina"]
[Black "Libura, Julianna"]
[Result "0-1"]
[WhiteTitle "I"]
[BlackTitle "I"]
[WhiteElo "1291"]
[BlackElo "1591"]

1. d4 d5 2. c4 e6 3. Nc3 Nf6 4. cxd5 exd5 5. Bg5 Be7 6. Qc2 Nbd7 7. e3 c6 8. Bd3
h6 9. Bh4 O-O 10. Nf3 Re8 11. O-O Ne4 12. Bxe7 Qxe7 13. Nd2 Ndf6 14. Ndxe4 dxe4
15. Bc4 b5 16. Be2 a6 17. a4 Bb7 18. Rfc1 Rac8 19. Nd1 Qe6 20. b4 Red8 21. Nc3
Ra8 22. Qb2 Nd5 23. Rcb1 Kh8 24. h3 f5 25. Qd2 Rf8 26. Bh5 g6 27. Be2 g5 28. Qa2
f4 29. Nxd5 cxd5 30. Rc1 f3 31. Bf1 fxg2 32. Bxg2 g4 33. Kh2 Qd6+ 34. Kh1 gxh3
35. Bxh3 Rf3 36. Bg2 Qf6 37. Kg1 Rg8 38. Kf1 Rfg3 39. Bh1 Rxe3 40. Qd2 Rd3 41.
Qe2 Qg5 42. Qb2 Rd2 0-1

[Event "Druzynowe Mistrzostwa Polski Juniorow 2019 - II Liga"]
[Site "Szczyrk"]
[Date "1899-12-30"]
[Round "9.54"]
[White "Anyz, Monika"]
[Black "Czerwinska, Oliwia"]
[Result "1-0"]
[WhiteTitle "I+"]
[BlackTitle "I"]
[WhiteElo "1404"]
[BlackElo "1345"]

1. e4 e5 2. Nf3 Nc6 3. d4 exd4 4. Bc4 Nf6 5. e5 d5 6. Bb5 Nd7 7. O-O Be7 8. Re1
O-O 9. Bxc6 bxc6 10. Nxd4 Bb7 11. f4 Bc5 12. Be3 Bxd4 13. Bxd4 Qe7 14. Nd2 Rfe8
15. Qg4 c5 16. Bf2 Bc8 17. Qg3 Qe6 18. Nf3 Qg6 19. Qxg6 hxg6 20. Ng5 Bb7 21. e6
fxe6 22. Nxe6 Rac8 23. Nxc5 Nxc5 24. Bxc5 a6 25. Kf2 Kf7 26. h3 Rxe1 27. Rxe1
Re8 28. Rxe8 Kxe8 29. Bd4 Kf7 30. Be5 c5 31. c3 c4 32. g4 Bc6 33. Ke3 a5 34. Kd4
Ke6 35. Bxg7 Bd7 36. Be5 Be8 37. h4 Bf7 38. Kc5 Be8 39. Bc7 a4 40. f5+ gxf5 41.
gxf5+ Kxf5 42. Kxd5 Bf7+ 43. Kc5 Ke6 44. Kb4 Kd7 45. Bf4 Kc6 46. Kxa4 Kc5 47.
Be3+ Kc6 48. Kb4 Kb7 49. a4 Kc6 50. a5 Kb7 51. Kb5 Ka8 52. Bb6 Kb7 53. Kc5 Ka6
54. Kd6 Kb5 55. Ke7 Bh5 56. Kf6 Ka4 57. Kg5 Bf3 58. h5 Be4 59. h6 Kb3 60. a6 Kxb2
61. Bd4 1-0

[Event "Druzynowe Mistrzostwa Polski Juniorow 2019 - II Liga"]
[Site "Szczyrk"]
[Date "1899-12-30"]
[Round "9.55"]
[White "Lichorad, Mateusz"]
[Black "Zabron, Maksym"]
[Result "1/2-1/2"]
[WhiteTitle "I"]
[BlackTitle "I+"]
[WhiteElo "1801"]
[BlackElo "1739"]

1. e4 e5 2. Nf3 Nc6 3. Bc4 Bc5 4. c3 Nf6 5. d3 O-O 6. O-O d6 7. Bb3 Ne7 8. Nbd2
Ng6 9. Nc4 c6 10. h3 Re8 11. Re1 h6 12. Bc2 Be6 13. b4 Bb6 14. Nxb6 Qxb6 15. Be3
Qc7 16. d4 a5 17. a3 axb4 18. axb4 exd4 19. cxd4 b6 20. Qd2 Ra7 21. Qc3 Rea8 22.
Rxa7 Rxa7 23. Rc1 Ne7 24. Nd2 Qb7 25. Nc4 Bxc4 26. Qxc4 d5 27. exd5 Nfxd5 28.
Bd2 Qa6 29. Qb3 Qa3 30. Qc4 Qa6 31. Qb3 1/2-1/2

[Event "Druzynowe Mistrzostwa Polski Juniorow 2019 - II Liga"]
[Site "Szczyrk"]
[Date "1899-12-30"]
[Round "9.56"]
[White "Kozubek, Krystian"]
[Black "Kupiecki, Szymon"]
[Result "0-1"]
[WhiteTitle "II+"]
[BlackTitle "I"]
[WhiteElo "1443"]
[BlackElo "1573"]

1. d4 Nf6 2. Nf3 g6 3. Bf4 Bg7 4. e3 d6 5. Be2 O-O 6. h3 Nbd7 7. O-O Re8 8. Bh2
b6 9. a4 a5 10. c3 Bb7 11. b4 axb4 12. cxb4 c5 13. bxc5 bxc5 14. Ra3 Qa5 15. Nc3
Ba6 16. Nb5 Reb8 17. dxc5 Bxb5 18. Bxb5 Rxb5 19. axb5 Qxa3 20. c6 Nb6 21. Qc2
Nfd5 22. e4 Nc3 23. e5 Nxb5 24. exd6 Nxd6 25. Bxd6 Qxd6 26. Rb1 Nd5 27. Rd1 Rc8
28. Qc4 e6 29. Rc1 Ne7 30. Qa6 Rxc6 31. Qa8+ Bf8 0-1

[Event "Druzynowe Mistrzostwa Polski Juniorow 2019 - II Liga"]
[Site "Szczyrk"]
[Date "1899-12-30"]
[Round "9.57"]
[White "Krawczyk, Flawian"]
[Black "Gradalski, Olaf"]
[Result "1-0"]
[WhiteTitle "I"]
[BlackTitle "II"]
[WhiteElo "1848"]
[BlackElo "1442"]

1. e4 e6 2. d4 d5 3. Nd2 c5 4. Ngf3 Nc6 5. exd5 exd5 6. Bb5 Bd6 7. O-O Nge7 8.
dxc5 Bxc5 9. Nb3 Bd6 10. c3 O-O 11. Re1 a6 12. Bf1 Bg4 13. h3 Bh5 14. Be2 Bg6
15. Nh4 Qc7 16. Nxg6 hxg6 17. Bg5 Rad8 18. Bf3 Rfe8 19. Nd4 Nxd4 20. Qxd4 Bc5
21. Qd2 d4 22. Rac1 d3 23. Be3 Bxe3 24. Rxe3 Nc6 25. Rxe8+ Rxe8 26. Bxc6 Qxc6
27. Qxd3 Qe6 28. c4 Qe2 29. Qc3 Rc8 30. Re1 Qxc4 1-0

[Event "Druzynowe Mistrzostwa Polski Juniorow 2019 - II Liga"]
[Site "Szczyrk"]
[Date "1899-12-30"]
[Round "9.58"]
[White "Raba, Bartosz"]
[Black "Chmiel, Pawel"]
[Result "1/2-1/2"]
[WhiteTitle "II"]
[BlackTitle "II"]
[WhiteElo "1373"]
[BlackElo "1367"]

1. e4 e5 2. Nf3 Nc6 3. d4 exd4 4. Bc4 Nf6 5. e5 Ng4 6. Bf4 d6 7. Qe2 dxe5 8. Nxe5
Ngxe5 9. Bxe5 Nxe5 10. f4 Qe7 11. fxe5 Qb4+ 12. Nd2 Qxb2 13. O-O Be6 14. Rab1
Qxc2 15. Bxe6 fxe6 16. Rfc1 Qf5 17. Rxc7 d3 18. Qd1 Qxe5 19. Qa4+ b5 20. Rxb5
Qe3+ 21. Kf1 Qe2+ 22. Kg1 Qe3+ 23. Kf1 Qe2+ 24. Kg1 Qe3+ 25. Kf1 Qe2+ 26. Kg1
Qe3+ 1/2-1/2

[Event "Druzynowe Mistrzostwa Polski Juniorow 2019 - II Liga"]
[Site "Szczyrk"]
[Date "1899-12-30"]
[Round "9.59"]
[White "Kulpa, Zuzanna"]
[Black "Gredka, Dominika"]
[Result "1-0"]
[WhiteTitle "I++"]
[BlackTitle "I++"]
[WhiteElo "1802"]
[BlackElo "1658"]

1. e4 c5 2. Nf3 e6 3. d4 cxd4 4. Nxd4 Nf6 5. Nc3 d6 6. g4 Be7 7. g5 Nfd7 8. Rg1
Nc6 9. Be3 a6 10. Qh5 g6 11. Qh4 Nxd4 12. Bxd4 e5 13. Be3 b5 14. Nd5 Bb7 15. O-O-O
Bxd5 16. exd5 Rc8 17. f4 f5 18. gxf6 Bxf6 19. Qh3 Nc5 20. fxe5 Bxe5 21. Bd4 O-O
22. Bxe5 dxe5 23. Qg3 Qd6 24. Bh3 Rce8 25. Rge1 Re7 26. Re2 a5 27. Kb1 b4 28.
Bg4 a4 29. h4 Rf4 30. Qh3 b3 31. cxb3 axb3 32. axb3 e4 33. b4 Nd3 34. Be6+ Kg7
35. h5 Rf3 36. Qh4 Rf4 37. Qg3 Qxb4 38. hxg6 h6 39. Qe3 Re8 40. Qd2 Rb8 41. Qxb4
Rxb4 42. d6 Rd4 43. d7 Kxg6 44. Rg1+ Kf6 45. Rg8 Rf1+ 46. Kc2 Rc1+ 47. Kd2 Ke7
48. Ke3 Rcc4 49. Bxc4 1-0

[Event "Druzynowe Mistrzostwa Polski Juniorow 2019 - II Liga"]
[Site "Szczyrk"]
[Date "1899-12-30"]
[Round "9.60"]
[White "Wiecek, Karolina"]
[Black "Kulpa, Karolina"]
[Result "1/2-1/2"]
[WhiteTitle "II+"]
[BlackTitle "I"]
[WhiteElo "1189"]
[BlackElo "1273"]

1. d4 Nf6 2. Nf3 d6 3. c4 Nbd7 4. Nc3 e5 5. e4 g6 6. dxe5 dxe5 7. a3 Bg7 8. Bg5
O-O 9. Be2 b6 10. Qc2 Bb7 11. b4 Re8 12. O-O h6 13. Bh4 g5 14. Bg3 Nh5 15. Rad1
Nxg3 16. hxg3 Qc8 17. Rd2 Nf8 18. Rfd1 Re7 19. Nd5 Rd7 20. c5 c6 21. Ne3 b5 22.
Nf5 Qc7 23. Nd6 Rad8 24. Nh2 Ne6 25. Bg4 Nd4 26. Qc3 Rxd6 27. cxd6 Rxd6 28. Nf1
Rd8 29. Ne3 Re8 30. Nf5 Bc8 31. Nxg7 Kxg7 32. Bxc8 Rxc8 33. f4 f6 34. fxe5 fxe5
35. Rf1 Qb6 36. Kh1 Rf8 37. Rxf8 Kxf8 38. Rf2+ Kg7 39. Qe3 Qc7 40. Rf1 Qe7 41.
Rc1 Qc7 42. Rc5 Ne6 43. Rc1 Nd4 44. Qd3 a5 45. Rc5 Ne6 46. Rc3 Nd4 47. Qd2 a4
48. Qf2 g4 49. Rc1 Qe7 50. Qe3 Kg6 51. Rd1 Qd7 52. Qc3 Kg7 53. Qc5 Qc7 54. Rf1
Ne6 55. Qc2 Nd4 56. Qf2 Qe7 57. Qd2 h5 58. Qb2 Qc7 59. Qd2 Qe7 60. Qe3 Kg6 61.
Qf2 Kg7 62. Qd2 Kg6 63. Qf2 1/2-1/2

[Event "Druzynowe Mistrzostwa Polski Juniorow 2019 - II Liga"]
[Site "Szczyrk"]
[Date "1899-12-30"]
[Round "9.61"]
[White "Rozek, Michal"]
[Black "Lewandowski, Wiktor"]
[Result "1/2-1/2"]
[WhiteTitle "II"]
[BlackTitle "II+"]
[WhiteElo "1321"]
[BlackElo "1749"]

1. e4 c5 2. Nf3 e6 3. c3 d5 4. exd5 Qxd5 5. d4 Nf6 6. Bf4 Be7 7. Be2 O-O 8. O-O
Nc6 9. dxc5 Bxc5 10. Nbd2 a6 11. Qc2 Qd8 12. Rad1 Bd7 13. Ne4 Nxe4 14. Qxe4 Qc8
15. Rd2 Rd8 16. Rfd1 Be8 17. Rxd8 Nxd8 18. Ne5 Nc6 19. Bf3 Nxe5 20. Qxe5 Be7 21.
Qd4 Bc6 22. Bxc6 Qxc6 23. Qd7 Qxd7 24. Rxd7 Rd8 25. Rxd8+ Bxd8 26. Kf1 f6 27.
Ke2 e5 28. Be3 Kf7 29. Kd3 Ke6 30. f3 h5 31. h3 g5 32. Ke4 f5+ 33. Kd3 f4 34.
Bf2 Kf5 35. Bg1 Bc7 36. Bf2 Bb8 37. Bg1 Bc7 1/2-1/2

[Event "Druzynowe Mistrzostwa Polski Juniorow 2019 - II Liga"]
[Site "Szczyrk"]
[Date "1899-12-30"]
[Round "9.62"]
[White "Kejna, Piotr"]
[Black "Gardian, Adam"]
[Result "1-0"]
[WhiteTitle "CM"]
[BlackTitle "I"]
[WhiteElo "1726"]
[BlackElo "1770"]

1. e4 c5 2. Nf3 Nc6 3. d4 cxd4 4. Nxd4 Nf6 5. Nc3 e5 6. Ndb5 d6 7. Bg5 a6 8. Na3
b5 9. Nd5 Be7 10. Bxf6 Bxf6 11. c4 b4 12. Nc2 a5 13. Qf3 Bg5 14. Rd1 O-O 15. c5
dxc5 16. h4 Bf6 17. Ndxb4 Nd4 18. Nxd4 cxd4 19. Nd5 Be7 20. Qg3 Re8 21. Bb5 Ba6
22. Bxe8 Qxe8 23. Nxe7+ Qxe7 24. Qg5 Qb7 25. f3 Qxb2 26. Qd2 Qa3 27. Rb1 f5 28.
exf5 e4 29. fxe4 Qg3+ 30. Kd1 Qg4+ 31. Kc1 Qxe4 32. Kb2 d3 33. Ka1 Qxf5 34. Rhf1
Qd5 35. Qf4 Bb7 36. Rb5 Qd7 37. Rxa5 Re8 38. Rf5 Qd8 39. Qc4+ Kh8 40. Qxd3 Qa8
41. Qd7 Rg8 1-0

[Event "Druzynowe Mistrzostwa Polski Juniorow 2019 - II Liga"]
[Site "Szczyrk"]
[Date "1899-12-30"]
[Round "9.63"]
[White "Kubica, Dominik"]
[Black "Eigner, Jerzy"]
[Result "1/2-1/2"]
[WhiteTitle "II+"]
[BlackTitle "II+"]
[WhiteElo "1438"]
[BlackElo "1516"]

1. e4 c5 2. d4 cxd4 3. c3 dxc3 4. Nxc3 e6 5. Nf3 a6 6. Bc4 b5 7. Bb3 Bb7 8. Qd3
d6 9. O-O Nd7 10. Bc2 Be7 11. Rd1 Ngf6 12. a3 O-O 13. Bf4 e5 14. Be3 Re8 15. Rac1
h6 16. h3 Bf8 17. Bb3 Rc8 18. Ba2 Nb6 19. Nd2 Nfd7 20. b4 Nf6 21. Nf3 Nc4 22.
Bxc4 Rxc4 23. Nd2 Rc8 24. Nb3 Ba8 25. f3 g5 26. Kh2 Be7 27. Nd2 Bc6 28. Nb3 Qd7
29. Na5 Ba8 30. Bb6 Qe6 31. Ne2 d5 32. exd5 Nxd5 33. Bf2 Rcd8 34. Qb3 Qf6 35.
Bg3 Nf4 36. Nxf4 exf4 37. Bf2 Rc8 38. Rxc8 Rxc8 39. Qd3 Rd8 40. Qc2 Bd5 41. Bd4
Qe6 42. Bb2 Rc8 43. Qd3 Bc4 44. Qd4 f6 45. Qd7 Kf7 46. Qd2 Rd8 47. Qc2 Rxd1 48.
Qxd1 f5 49. Qd4 Bf6 50. Qa7+ Kg6 51. Bxf6 Qxf6 52. Nxc4 bxc4 53. Qc5 g4 1/2-1/2

[Event "Druzynowe Mistrzostwa Polski Juniorow 2019 - II Liga"]
[Site "Szczyrk"]
[Date "1899-12-30"]
[Round "9.64"]
[White "Komendecki, Antoni"]
[Black "Zaborski, Igor"]
[Result "0-1"]
[WhiteTitle "II"]
[BlackTitle "II"]
[WhiteElo "1416"]
[BlackElo "1372"]

1. e4 d6 2. d4 Nf6 3. Nc3 g6 4. Be2 Bg7 5. h4 h5 6. Nf3 Bg4 7. Be3 c6 8. Qd2 Nbd7
9. O-O-O b5 10. e5 Nd5 11. Nxd5 cxd5 12. exd6 exd6 13. Bxb5 Qb6 14. Ba4 O-O 15.
Bb3 a5 16. a4 Nf6 17. Rde1 Bc8 18. Bg5 Ne4 19. Qe3 Bb7 20. Bh6 Rfc8 21. Bxg7 Kxg7
22. Nd2 Qb4 23. Nxe4 dxe4 24. Kb1 Rab8 25. d5 Bxd5 26. g4 Bxb3 27. cxb3 Qxb3 28.
Qd4+ Kg8 29. Re3 Qc4 30. Qxe4 Rb4 31. Qxc4 Rcxc4 32. gxh5 gxh5 33. Rg3+ Kf8 34.
Rg5 Rxh4 35. Rxh4 Rxh4 36. Rxa5 Rf4 37. Rxh5 Rxa4 38. Rf5 Ke7 39. b3 Rb4 40. Kc2
Ke6 41. Kc3 Rxb3+ 42. Kxb3 Kxf5 43. Kc3 Ke4 44. Kd2 d5 45. Ke2 f5 46. Kd2 Kf3
47. Ke1 f4 48. Kf1 d4 0-1

[Event "Druzynowe Mistrzostwa Polski Juniorow 2019 - II Liga"]
[Site "Szczyrk"]
[Date "1899-12-30"]
[Round "9.65"]
[White "Lajdamik, Anna"]
[Black "Lascar, Maria Elena"]
[Result "1/2-1/2"]
[WhiteTitle "I"]
[BlackTitle "I+"]
[WhiteElo "1324"]
[BlackElo "1590"]

1. e4 c5 2. Nf3 e6 3. d4 cxd4 4. c3 dxc3 5. Nxc3 a6 6. Bc4 b5 7. Bb3 Bb7 8. Be3
b4 9. Na4 Bxe4 10. Bb6 Qc8 11. Be3 Qd8 12. Bb6 Qc8 13. Be3 Qd8 14. Bb6 Qc8 15.
Be3 Qd8 1/2-1/2

[Event "Druzynowe Mistrzostwa Polski Juniorow 2019 - II Liga"]
[Site "Szczyrk"]
[Date "1899-12-30"]
[Round "9.66"]
[White "Salamon, Julia"]
[Black "Jaros, Emilia"]
[Result "1/2-1/2"]
[WhiteTitle "I"]
[BlackTitle "I"]
[WhiteElo "1273"]
[BlackElo "1112"]

1. d4 d5 2. Nf3 Bf5 3. c4 dxc4 4. Nc3 c6 5. e4 Bg4 6. Bxc4 e6 7. Be2 Nd7 8. O-O
Be7 9. h3 Bxf3 10. Bxf3 Ngf6 11. Re1 O-O 12. a3 h6 13. Qb3 Qb6 14. Qc4 Rac8 15.
b4 e5 16. Be3 Qc7 17. d5 Nb6 18. Bxb6 Qxb6 19. Na4 Qc7 20. Nc3 Rfd8 21. Rad1 Rd6
22. Re2 b5 23. Qd3 a6 24. Red2 a5 25. Rc2 Qb6 26. Nxb5 Rdd8 27. Nc3 axb4 28. axb4
Qxb4 29. Rb1 Qd6 30. Rb6 Qa3 31. Ra6 Qb3 32. Raa2 cxd5 33. exd5 Qc4 34. Qxc4 Rxc4
35. Ne2 Rxc2 36. Rxc2 Nxd5 37. Rd2 Nf6 38. Rxd8+ Bxd8 39. Nc3 Kh7 40. Kf1 Ba5
41. Ne4 Nxe4 42. Bxe4+ g6 43. g4 Kg7 44. Ke2 g5 45. Kd3 Kf6 46. Bf5 Ke7 47. f3
Kd6 48. Kc4 f6 49. Be4 Bd2 50. Ba8 1/2-1/2

[Event "Druzynowe Mistrzostwa Polski Juniorow 2019 - II Liga"]
[Site "Szczyrk"]
[Date "1899-12-30"]
[Round "9.67"]
[White "Wnek, Filip"]
[Black "Piekielny, Pawel"]
[Result "1-0"]
[WhiteTitle "I++"]
[BlackTitle "I++"]
[WhiteElo "1749"]
[BlackElo "1985"]

1. e4 e6 2. d4 d5 3. Nd2 Nf6 4. e5 Nfd7 5. Bd3 c5 6. c3 Nc6 7. Ne2 cxd4 8. cxd4
f6 9. exf6 Nxf6 10. Nf3 Bd6 11. O-O Qc7 12. Bg5 O-O 13. Nc3 a6 14. Bh4 Nh5 15.
Rc1 Nf4 16. Bg3 Bd7 17. a3 Be8 18. Ng5 Nxd3 19. Qxd3 Bg6 20. Qe3 Rfe8 21. Rfe1
Bxg3 22. hxg3 Qd6 23. f4 h6 24. Nf3 Rac8 25. Na4 Be4 26. Nc5 Bxf3 27. gxf3 Re7
28. b4 Ra8 29. Kf2 Rae8 30. Rc2 Na7 31. Rce2 Nc8 32. Qd3 Na7 33. Qg6 Nb5 34. Rxe6
Rxe6 35. Nxe6 Qe7 36. Re5 Qf7 37. Qg4 Kh8 38. f5 Nxa3 39. Rxd5 Nb5 40. Qg6 Kg8
41. Qxf7+ Kxf7 42. Nd8+ Kf6 43. Nxb7 Nc3 44. Rc5 Nb5 45. Rc6+ Kxf5 46. d5 Rb8
47. Na5 Ke5 48. Rc5 Rb7 49. Nxb7 1-0

[Event "Druzynowe Mistrzostwa Polski Juniorow 2019 - II Liga"]
[Site "Szczyrk"]
[Date "1899-12-30"]
[Round "9.68"]
[White "Golinski, Kacper"]
[Black "Budkiewicz, Magdalena"]
[Result "0-1"]
[WhiteTitle "I"]
[BlackTitle "I++"]
[WhiteElo "1761"]
[BlackElo "1623"]

1. e4 c5 2. Nf3 e6 3. d4 cxd4 4. Nxd4 a6 5. c4 Nf6 6. Bd3 Nc6 7. Nxc6 dxc6 8. O-O
e5 9. Nc3 Bc5 10. h3 h6 11. Kh1 O-O 12. f4 Ng4 13. Qf3 Nf2+ 14. Rxf2 Bxf2 15.
f5 Bh4 16. b3 Qd4 17. Bb2 Rd8 18. Bf1 Qf2 19. Nd1 Qxf3 20. gxf3 Bg3 21. Ne3 Bd7
22. c5 Bf2 23. Ng4 Bxc5 24. Nxe5 Be8 25. f6 Bd4 26. Bxd4 Rxd4 27. Rc1 Rad8 28.
Kg1 Rd1 29. Rc3 R8d2 30. f4 Rxa2 31. Rg3 Raa1 32. Rxg7+ Kf8 33. Ng4 Rxf1+ 34.
Kg2 Rg1+ 35. Kf3 h5 0-1

[Event "Druzynowe Mistrzostwa Polski Juniorow 2019 - II Liga"]
[Site "Szczyrk"]
[Date "1899-12-30"]
[Round "9.69"]
[White "Rainer, Piotr"]
[Black "Szymczak, Krzysztof"]
[Result "0-1"]
[WhiteTitle "I"]
[BlackTitle "II"]
[WhiteElo "1445"]
[BlackElo "1157"]

1. e4 c5 2. Nf3 Nc6 3. d4 cxd4 4. Nxd4 d6 5. Nc3 Nf6 6. Be2 Bd7 7. O-O g6 8. Be3
Bg7 9. Nb3 O-O 10. Qd2 a6 11. Bh6 b5 12. Bxg7 Kxg7 13. Bf3 Bg4 14. e5 Nxe5 15.
Bxa8 Qxa8 16. Qf4 Bf3 17. gxf3 Nxf3+ 18. Kh1 Rc8 19. Rad1 Rc4 20. Nd4 Nxd4+ 21.
f3 e5 22. Qe3 Nf5 23. Qe2 Rh4 24. Kg1 b4 25. Nb1 Nh5 26. Rxd6 Qa7+ 27. Rf2 Qe7
28. Rxa6 Nf4 29. Qd2 Nd4 30. Kf1 Qd7 31. Rb6 Qh3+ 32. Ke1 Nxf3+ 33. Rxf3 Qxf3
34. Qf2 Qh1+ 35. Qf1 Ng2+ 36. Ke2 Re4+ 0-1

[Event "Druzynowe Mistrzostwa Polski Juniorow 2019 - II Liga"]
[Site "Szczyrk"]
[Date "1899-12-30"]
[Round "9.70"]
[White "Lamek, Dawid"]
[Black "Micula, Jakub"]
[Result "1-0"]
[WhiteTitle "II"]
[BlackTitle "II+"]
[WhiteElo "1070"]
[BlackElo "1320"]

1. e4 c5 2. Nf3 Nc6 3. d4 cxd4 4. Nxd4 Nf6 5. Nc3 e5 6. Ndb5 d6 7. Bg5 a6 8. Na3
b5 9. Nd5 Be7 10. Bxf6 Bxf6 11. c3 O-O 12. Nc2 Bb7 13. Nce3 Bg5 14. Bd3 Ne7 15.
Nxe7+ Qxe7 16. Nf5 Qf6 17. Qg4 Rfd8 18. h4 Bh6 19. Qh5 d5 20. Nxh6+ Qxh6 21. Qxh6
gxh6 22. f3 dxe4 23. Bxe4 Bxe4 24. fxe4 Rd3 25. Rd1 Re3+ 26. Kf2 Rxe4 27. Rd6
Kg7 28. g3 Ra7 29. Rhd1 Rc4 30. Rb6 Rg4 31. Rd5 e4 32. Rdd6 Rg6 33. h5 Rxd6 34.
Rxd6 a5 35. Ke3 Rc7 36. Kxe4 b4 37. cxb4 Rc4+ 38. Rd4 Rxb4 39. Rxb4 axb4 40. a4
bxa3 41. bxa3 Kf8 42. Kf5 Ke7 43. a4 Kd6 44. Kf6 Kc5 45. Kxf7 Kb4 46. Kg7 Kxa4
47. Kxh6 Kb5 48. Kxh7 Kc6 49. Kg7 Kd7 50. h6 Ke6 51. h7 Kf5 52. h8=Q Kg4 53. Kg6
Kxg3 54. Qd4 Kf3 55. Kg5 Kg2 56. Qe3 Kh2 57. Kg4 Kh1 58. Qe2 Kg1 59. Kg3 Kh1 60.
Qf1# 1-0

[Event "Druzynowe Mistrzostwa Polski Juniorow 2019 - II Liga"]
[Site "Szczyrk"]
[Date "1899-12-30"]
[Round "9.71"]
[White "Zablocka, Katarzyna"]
[Black "Jedras, Adrianna"]
[Result "0-1"]
[WhiteTitle "I"]
[BlackTitle "I"]
[WhiteElo "1255"]
[BlackElo "1367"]

1. e4 e5 2. Nf3 Nc6 3. Bb5 Bc5 4. c3 Nf6 5. d3 O-O 6. O-O a6 7. Ba4 b5 8. Bc2 d6
9. Qe2 h6 10. Be3 Ba7 11. Rd1 Bg4 12. h3 Bh5 13. Nbd2 Nd7 14. Nf1 Bxf3 15. Qxf3
Qf6 16. Qxf6 Nxf6 17. Ng3 Ne7 18. b4 c5 19. Bb3 cxb4 20. cxb4 d5 21. Bxa7 Rxa7
22. Rac1 Rd8 23. Rc5 Rad7 24. Rdc1 Kf8 25. Rc7 Ne8 26. Rxd7 Rxd7 27. Ne2 Rc7 28.
Rc3 d4 29. Rxc7 Nxc7 30. f4 f6 31. g3 Nc6 32. a3 a5 33. bxa5 Nxa5 34. Bc2 Na6
35. Nc1 Nc5 36. Na2 Nab3 37. Nb4 Na1 38. Bd1 Na4 39. Nc2 Nxc2 40. Bxc2 Nc3 41.
Kf2 Ke7 42. f5 Kd6 43. Ke1 Kc5 44. Kd2 Kb6 45. g4 Ka5 46. Ke1 b4 47. axb4+ Kxb4
48. Kd2 Ka3 49. h4 Kb2 50. h5 Ka3 51. Ke1 Ka2 52. Kd2 Kb2 53. Bd1 Nxd1 54. Kxd1
Kc3 55. Ke2 Kc2 56. Kf3 Kxd3 57. g5 fxg5 58. Kg4 Kxe4 59. f6 gxf6 60. Kg3 d3 0-1

[Event "Druzynowe Mistrzostwa Polski Juniorow 2019 - II Liga"]
[Site "Szczyrk"]
[Date "1899-12-30"]
[Round "9.72"]
[White "Golinska, Patrycja"]
[Black "Gaczol, Julia"]
[Result "0-1"]
[WhiteTitle "I"]
[BlackTitle "I"]
[WhiteElo "1197"]
[BlackElo "1338"]

1. e4 c5 2. Nf3 a6 3. d4 cxd4 4. Nxd4 Nf6 5. Nc3 e5 6. Nf3 Bb4 7. Bg5 d6 8. Bxf6
gxf6 9. Qd3 Qc7 10. Rd1 Bxc3+ 11. Qxc3 Qxc3+ 12. bxc3 Ke7 13. Bc4 Be6 14. Bb3
Rg8 15. g3 f5 16. exf5 Bxf5 17. Nh4 Be6 18. Rb1 b5 19. Nf3 Nd7 20. Kd2 Nc5 21.
Ne1 Ne4+ 22. Ke3 Nxc3 23. Rc1 Rac8 24. Rf1 a5 25. Bxe6 Kxe6 26. Ra1 Rc4 27. Kd3
Rgc8 28. a3 f5 29. f3 d5 30. Kd2 e4 31. f4 d4 32. Rg1 Nd5 33. Rb1 b4 34. axb4
Nxb4 35. Rb2 a4 36. g4 fxg4 37. Rxg4 a3 38. Rb1 a2 39. Ra1 d3 40. Kc1 Nxc2 41.
Nxc2 Rxc2+ 42. Kd1 Rc1+ 43. Rxc1 Rxc1+ 44. Kxc1 a1=Q+ 45. Kd2 Qb2+ 46. Ke3 Qe2+
0-1